<?xml version="1.0" encoding="utf-8"?>
<?xml-stylesheet type='text/xsl' href='./oai2.xsl'?>
<OAI-PMH xmlns="http://www.openarchives.org/OAI/2.0/" xmlns:xsi="http://www.w3.org/2001/XMLSchema-instance" xsi:schemaLocation="http://www.openarchives.org/OAI/2.0/ http://www.openarchives.org/OAI/2.0/OAI-PMH.xsd">
  <responseDate>2026-05-15T22:44:23Z</responseDate>
  <request verb="GetRecord" metadataPrefix="marcxml" identifier="record_kuniweb_675959">https://kulturerbe.niedersachsen.de/oai</request>
  <GetRecord>
    <record>
      <header>
        <identifier>record_kuniweb_675959</identifier>
        <datestamp>2021-12-14T12:05:43Z</datestamp>
        <setSpec>slg0018</setSpec>
      </header>
      <metadata>
        <marc:record xmlns:marc="http://www.loc.gov/MARC21/slim" xsi:schemaLocation="http://www.loc.gov/MARC21/slim http://www.loc.gov/standards/marcxml/schema/MARC21slim.xsd">
          <marc:leader>12345nrm  22     uu 4500</marc:leader>
          <marc:controlfield tag="001">675959</marc:controlfield>
          <marc:controlfield tag="003">http://kuniweb.gbv.de</marc:controlfield>
          <marc:controlfield tag="005">2017-04-04T10:31:07</marc:controlfield>
          <marc:controlfield tag="008">|           ||||||||||||||||||||||</marc:controlfield>
          <marc:datafield tag="245" ind1="1" ind2="0">
            <marc:subfield code="a">Bernsteinelch von Weitsche</marc:subfield>
          </marc:datafield>
          <marc:datafield tag="655" ind1=" " ind2="7">
            <marc:subfield code="a">Archäologie</marc:subfield>
          </marc:datafield>
          <marc:datafield tag="046" ind1=" " ind2=" ">
            <marc:subfield code="k">-11999</marc:subfield>
            <marc:subfield code="k">ca. 12000 v. Chr.</marc:subfield>
          </marc:datafield>
          <marc:datafield tag="260" ind1=" " ind2=" ">
            <marc:subfield code="g">-11999</marc:subfield>
            <marc:subfield code="g">ca. 12000 v. Chr.</marc:subfield>
          </marc:datafield>
          <marc:datafield tag="520" ind1=" " ind2=" ">
            <marc:subfield code="a">Lange schien es, dass mit dem Magdalénien auch der naturalistische Tierstil der Eiszeitkunst verschwand. Die Elchfigur von Weitsche beweist das Gegenteil. Absichtlich mit einem Amulett vor 13800 Jahren auf einem Lagerplatz (Weitsche 2) deponiert, wurde die Bernsteinskulptur beim Pflügen zerbrochen und bis auf die Vorderbeine 1994-2004 ausgegraben. Die geweihlose Elchkuh steht deutlich in der Tradition eiszeitlicher Kunst. Allerdings wurde sie 1000 Jahre später, während des Klimaumbruchs, von den frühen Waldjägern (Federmessergruppen) geschaffen. Der einsetzende Kulturwandel veränderte Motive (Elche ersetzten Rentiere) und Stil (Schematisierung der Mähne und des Körpers). Vermutlich änderten sich die religiösen Vorstellungen der Waldjäger, denn die Elchfigur legt eine rituelle Funktion nahe.  (Niedersächsisches Landesmuseum Hannover)

Ausgrabungs- / Untersuchungsdatum: 1994 - 2004</marc:subfield>
          </marc:datafield>
          <marc:datafield tag="650" ind1="1" ind2=" ">
            <marc:subfield code="a">Bildwerk &gt; Skulptur</marc:subfield>
          </marc:datafield>
          <marc:datafield tag="650" ind1="1" ind2=" ">
            <marc:subfield code="a">Skulpturen</marc:subfield>
          </marc:datafield>
          <marc:datafield tag="773" ind1="0" ind2=" ">
            <marc:subfield code="t">Archäologie</marc:subfield>
          </marc:datafield>
          <marc:datafield tag="852" ind1=" " ind2=" ">
            <marc:subfield code="a">Niedersächsisches Landesmuseum Hannover</marc:subfield>
          </marc:datafield>
          <marc:datafield tag="852" ind1=" " ind2=" ">
            <marc:subfield code="a">Hitzacker (Elbe) (Elbtalaue, Lüchow-Dannenberg, Niedersachsen)</marc:subfield>
          </marc:datafield>
          <marc:datafield tag="" ind1=" " ind2=" ">
            <marc:subfield code="a">Namensnennung 4.0 International (CC BY 4.0)</marc:subfield>
          </marc:datafield>
        </marc:record>
      </metadata>
    </record>
  </GetRecord>
</OAI-PMH>
